000 00804nam a22002175i 4500
001 153822
003 ES-MaACL
005 20250827062636.0
008 950223s1877 sp |||| | spa d
040 _aCLM
_bspa
_cCCPB | SIC
110 1 _aEspaña
_93622
240 1 0 _aLeyes, etc.
245 1 0 _aUtilísima recopilación de leyes vigentes gubernativas, administrativas y judiciales /
_cconcordadas y anotadas para su más facil estudio y aplicación por Antonio Martínez Aranda.
260 _aMadrid :
_b[s.n.],
_c1877 (
_fImp. de Aurelio J. Alaria)
300 _a430 p. ;
_c22 cm.
651 _aEspaña-
_xLegislación.
_9222108
700 2 1 _aMartínez Aranda, Antonio,
_ecomp.
_9129620
752 _aEspaña -
_dMadrid
852 _aES-MaACL
_jG-12070
_z-- Enc. hol.
999 _c153822
_d153822